| 000 | 00409nam a2200157 a 4500 | ||
|---|---|---|---|
| 005 | 20140414132021.0 | ||
| 008 | 040128s19uu xx 00 eng d | ||
| 020 | _a0-439-20378-3 | ||
| 050 |
_aTR _bF84 2000 |
||
| 100 | _aBourgeois, Paulette | ||
| 245 |
_aFranklin's baby sister / _cPaulette Bourgeos. |
||
| 260 |
_aU.S.A : _bScholastic, _c2000. |
||
| 300 | _ap. ; cm. | ||
| 999 |
_c113469 _d113469 |
||